Pyāsī dharatī pyāse loga / (Record no. 54653)

MARC details
000 -LEADER
fixed length control field 00584cam a2200217 a 4500
001 - CONTROL NUMBER
control field sa 63002771
003 - CONTROL NUMBER IDENTIFIER
control field DLC
005 - DATE AND TIME OF LATEST TRANSACTION
control field 20260227111936.0
008 - FIXED-LENGTH DATA ELEMENTS--GENERAL INFORMATION
fixed length control field 890627s1962 ii 000 f hino
010 ## - LIBRARY OF CONGRESS CONTROL NUMBER
LC control number sa 63002771
035 ## - SYSTEM CONTROL NUMBER
System control number (OCoLC)19931783
040 ## - CATALOGING SOURCE
Original cataloging agency DLC
Transcribing agency DLC
050 00 - LIBRARY OF CONGRESS CALL NUMBER
Classification number PK2098.C5
Item number P93 1962
100 1# - MAIN ENTRY--PERSONAL NAME
Personal name Chandar, Krishan.
245 10 - TITLE STATEMENT
Title Pyāsī dharatī pyāse loga /
Statement of responsibility, etc. Kr̥śana Candara.
250 ## - EDITION STATEMENT
Edition statement 1. saṃskaraṇa.
260 ## - PUBLICATION, DISTRIBUTION, ETC.
Place of publication, distribution, etc. Ilāhābāda :
Name of publisher, distributor, etc. Lokabhāratī Prakāśana,
Date of publication, distribution, etc. 1962.
300 ## - PHYSICAL DESCRIPTION
Extent 211 p. ;
Dimensions 19 cm.
500 ## - GENERAL NOTE
General note Novel.
546 ## - LANGUAGE NOTE
Language note In Hindi.

No items available.

Powered by Koha